Gibberellins

Guardat en:
Dades bibliogràfiques
Autors principals: Takahashi, Nobutaka (Autor), Phinney, Bernard O (Autor), MacMillan, Jake (Autor)
Format: Llibre
Idioma:anglès
Publicat: Nueva York Springer 1991
Edició:1a. ed
Matèries:
Etiquetes: Afegir etiqueta
Sense etiquetes, Sigues el primer a etiquetar aquest registre!

MARC

LEADER 00000cam a2200000 a 4500
001 UCE5272
003 CL-VaPUC
008 141218e19910000us |||||||||||||||||eng|d
020 |a 9781461277545 
082 0 4 |a 581.3  |b TAK  |2 21 
100 0 |a Takahashi, Nobutaka  |e author  |9 577808 
700 0 |a Phinney, Bernard O  |e author  |9 577809 
700 0 |a MacMillan, Jake  |e author  |9 577810 
245 1 0 |a Gibberellins 
250 |a 1a. ed 
300 |a 426 p 
942 |c BK 
945 |d 20141218 14:43:00  |a dcastane 
260 |a Nueva York  |b Springer  |c 1991 
650 7 |a GENETICA Y EVOLUCION  |2 CL-VaPUC  |9 550612 
650 0 |a Plantas  |9 264555 
650 7 |a PLANTACIONES  |2 CL-VaPUC  |9 264391 
583 |a last modification  |c 20141218 14:43:00  |k Rodrigo Vera 
999 |c 358027  |d 358025 
952 |0 0  |1 0  |3 erb  |4 0  |6 581_300000000000000_TAK_1991  |7 0  |8 A  |9 466246  |a BIBAGR  |b BIBAGR  |i 5130719  |o 581.3 TAK 1991  |p 5130719  |r 2025-01-20  |w 2019-11-23  |y BK  |z Catalogado en:20141218  |k AGR 
952 |0 0  |1 0  |3 erb  |4 0  |6 581_300000000000000_TAK_1991  |7 0  |8 A  |9 466247  |a BIBAGR  |b BIBAGR  |i 5130727  |l 1  |o 581.3 TAK 1991  |p 5130727  |r 2025-01-20  |s 2022-07-07  |w 2019-11-23  |y BK  |z Catalogado en:20141218  |k AGR